000 01015nam0a2200289 4500
001 RU\NLR\ONL2\30033
005 20250613225149.0
035 _a(NLR Aleph) 010216986
090 _a10303017
_c10303017
100 _a20140206d1964 |||y0rusy50 ca
101 0 _asah
102 _aRU
105 _aa z |||y
200 1 _aСири уоҕурдуоҥ - үрдүк үүнүүнү ылыан
_fИ. К. Иванов
210 _aЯкутскай
_cСаха сиринээҕи кинигэ изд-вота
_d1964
215 _a63,[2] c., включ. обл.
_cил.
_d20
541 1 _aУдобрение - залог высоких урожаев
_zrus
606 1 _aУдобрения
_9907507
_3RU\NLR\AUTH\6611126
686 1 _aП040
700 1 _aИванов
_bИ.К.
_gИван Константинович
_4070
801 0 _aRU
_bNLR
_c20140206
_gPSBO
852 _aNLR
_bОНЛ
_jЯкут./2-1490
942 _cBOOK
980 _aNB
980 _aONL_RF